Estatísticas para Países Mais Populosos em 1800

Clique aqui para jogar o quiz

Estatísticas Gerais

  • Esse quiz foi jogado 4 374 vezes
  • A pontuação média é 12 de 20

Estatísticas das Respostas

PopulaçãoPaís ou Império% Correto
328 mChina
97%
35 mImpério Russo
91%
5,3 mEstados Unidos
90%
25 mImpério Espanhol
89%
115 mImpério Britânico
88%
9,3 mImpério Português
88%
38 mImpério Francês
87%
75 mImpério Marata
85%
29 mJapão
83%
26 mImpério Otomano
54%
6,2 mImpério Neerlandês
52%
23 mMonarquia de Habsburgo
52%
3,5 mPérsia
47%
9,5 mDinastia Joseon
45%
24 mSacro Império Romano-Germânico
43%
11 mPrússia
28%
4,2 mSião
28%
6,5 mAname
21%
3,2 mBirmânia
14%
6,7 mReino das Duas Sicílias
7%

Distribuição das Pontuações

Percentil de Números Respondidos

Porcentagem de Pessoas com Cada Pontuação

Sua Pontuação Histórica

Você não jogou esse quiz